Ice Cream Sandwich Animator Trivia - Statistics

General Stats
  • This quiz has been taken 35 times
    23 since last reset
  • The average score is 8 of 15
Answer Stats
Hint Answer % Correct
His real name Andy
100%
His most common sponsor NordVPN
89%
Disorder he and Jaiden Animations were born with ADHD
78%
Country he briefly worked on a farm in Italy
78%
His wife Kelly
78%
Where he worked his first job UPS
78%
His oldest sibling Krista
56%
His Dogs Name Rhea
56%
Medical emergency he suffered from Appendicitis
44%
His most popular video Hurt
44%
His second oldest sibling Becca
33%
Platform he first posted comics on Tumblr
33%
His first video on Youtube NEED AMMO [Factorio]
22%
His personality from the Myers Briggs personality test INTP
11%
Award Jaiden Animations nominated him for Streamy Honour Award
11%
No matching quizzes found
Score Distribution
Percent of People with Each Score
Percentile by Number Answered
Your Score History
You have not taken this quiz since the last reset